000 00232 a2200109 4500
001 66114
040 _cAnchieta - Pituba
240 1 0 _aOficina de Música 2015
_l
245 1 0 _aOficina de Música 2015
650 4 _aMúsica
942 _cMX
999 _c66114
_d66114